Statistics for Countries Contained in BOSNIA AND HERZEGOVINA in 2 Minutes

Click here to take the quiz!

General Stats

  • This quiz has been taken 49 times
  • The average score is 3 of 12

Answer Stats

country% Correct
Serbia
65%
Bosnia and
Herzegovina
51%
Iran
47%
India
37%
Benin
26%
Bahrain
23%
Gabon
21%
Indonesia
19%
Niger
19%
Nigeria
16%
Ghana
14%
Grenada
7%

Score Distribution

Percentile by Number Answered

Percent of People with Each Score

Your Score History

You have not taken this quiz